000 00910nas a2200277 4500
001 BR8000958
003 BR-BrBNA
005 20231205084146.0
007 ta
008 230509b bl.|||p| |||| 00| 00por d
040 _aBR-BrBNA
_bpor
_cBiblioteca Nacional de Agricultura
041 _a(Pt)
072 _aL73
100 1 _aCunha, R.G.
100 1 _aQuintais, A.C.
100 1 _aBarros, L.F.N.
245 1 _aInfecciosidade do virus da caxumba para pintos e sua relacao com o virus da doenca de newcastle
246 1 _a[The infection of mumps virus to chicks and its relations with the virus of the newcastle disease]
650 _aDoenca animal
650 _aPinto
650 _aNewcastle
650 _aVirus
773 0 _tRevista Brasileira de Biologia (Brazil)
_xISSN 0034-7108
_g(Feb 1980), v. 40(1) p. 125-130
_wBR8000958
909 _a202311
_bLúcia
_c55
_dLúcia Elande
942 _2AGRIS
_n0
_cANA
999 _c103489
_d103489